000 00606nam a22001577a 4500
005 20251108173645.0
008 250721s2003 xx 000 0 ara d
082 1 4 _a355.09565/قيا
245 1 0 _aمنهاج الثقافة الوطنية و العلوم العسكرية في كليات المجتمع الأردنية : منهاج مقرر لكافة المجتمع الحكومية و الخاصة /
264 1 _aعمان :
_bمؤسسة عين الوطن،
_c2003.
300 _a157 ص.
650 1 7 _aالعلوم العسكرية
650 1 7 _aالأردن
942 _2ddc
_cBK
999 _c109236
_d109236